[Event "ICS rated blitz match"]
[Site "204.178.125.65"]
[Date "2000.11.22"]
[Round "?"]
[White "Hossa"]
[Black "CosmicJoke"]
[Result "1/2-1/2"]
[WhiteElo "2549"]
[BlackElo "2808"]
[PlyCount "255"]
[EventDate "2000.??.??"]

1. e4 e5 2. Nf3 Nc6 3. Bb5 a6 4. Ba4 Nf6 5. O-O Be7 6. Re1 b5 7. Bb3 O-O 8. h3
Bb7 9. d3 d6 10. a3 Bc8 11. Nc3 Be6 12. Nd5 Na5 13. Ba2 Nxd5 14. exd5 Bf5 15.
d4 f6 16. dxe5 fxe5 17. Nxe5 dxe5 18. d6+ Kh8 19. dxe7 Qxe7 20. Be3 Rad8 21.
Qc1 Qe8 22. Bc5 Rf6 23. Qe3 Nc6 24. f4 Bxc2 25. fxe5 Rf5 26. Qc3 Bd3 27. Bf2
Bc4 28. Bxc4 bxc4 29. e6 Rd6 30. Qxc4 Ne5 31. Qxc7 Rxe6 32. Bg3 Re7 33. Bxe5
Rfxe5 34. Rxe5 Rxe5 35. Rd1 Re1+ 36. Rxe1 Qxe1+ 37. Kh2 h6 38. Qd8+ Kh7 39.
Qd3+ Kh8 40. b4 Qe6 41. h4 Qc6 42. h5 Qe6 43. g3 Qg4 44. Qd8+ Kh7 45. Qd5 Qe2+
46. Kh3 Kh8 47. a4 Qf1+ 48. Kh4 Qa1 49. Qa8+ Kh7 50. Qe4+ Kh8 51. Qe8+ Kh7 52.
Qg6+ Kh8 53. Qc6 Qd4+ 54. Kh3 Qd1 55. Qe8+ Kh7 56. Qg6+ Kh8 57. a5 Qf1+ 58. Kg4
Qc4+ 59. Kf3 Qb3+ 60. Kg2 Qxb4 61. Qxa6 Qd2+ 62. Kh3 Qd5 63. Qc8+ Kh7 64. Qc2+
Kh8 65. g4 Qxa5 66. Qc8+ Kh7 67. Qd7 Qc3+ 68. Kg2 Qc2+ 69. Kf3 Qc3+ 70. Kf4
Qc1+ 71. Kf5 Qf1+ 72. Ke6 Qf6+ 73. Kd5 Qf3+ 74. Kc4 Qe4+ 75. Kb5 Kg8 76. Ka5
Qb1 77. Qe8+ Kh7 78. Qe6 Qb8 79. Qe4+ Kg8 80. Ka4 Kh8 81. Qe6 Qg8 82. Qf5 Qc4+
83. Ka3 Qc3+ 84. Ka2 Qb4 85. Qe6 Kh7 86. Qg6+ Kg8 87. Qe8+ Qf8 88. Qe4 Qb8 89.
Ka3 Kh8 90. Qf5 Qd6+ 91. Kb3 Qc6 92. Kb4 Kg8 93. Qf4 Qb6+ 94. Kc3 Qd8 95. Qc4+
Kh8 96. Qc6 Qb8 97. Qe6 Qc7+ 98. Kd3 Qg3+ 99. Ke2 Qf4 100. Qc8+ Kh7 101. Qf5+
Qxf5 102. gxf5 Kg8 103. Kf2 Kf7 104. Kg3 Ke7 105. Kf3 Kf8 106. Ke4 Kf7 107. Kf3
Ke7 108. Kg4 Kd7 109. Kf4 Ke8 110. Kg4 Ke7 111. Kf3 Kf6 112. Kf4 Kf7 113. Kg4
Kf8 114. Kh4 Kg8 115. Kg3 Kf7 116. Kg4 Ke8 117. Kh4 Kd7 118. Kg4 Kd6 119. Kf4
Kd7 120. Ke3 Kc6 121. Ke4 Kd6 122. Kd4 Ke7 123. Ke5 Kf7 124. Ke4 Kf6 125. Kf4
Kf7 126. Ke5 Ke7 127. Ke4 Kf6 128. Kf4 {Game drawn by repetition} 1/2-1/2

[Event "ICS rated blitz match"]
[Site "204.178.125.65"]
[Date "2000.11.22"]
[Round "?"]
[White "CosmicJoke"]
[Black "Hossa"]
[Result "1-0"]
[WhiteElo "2798"]
[BlackElo "2559"]
[PlyCount "121"]
[EventDate "2000.??.??"]

1. Nf3 d5 2. d4 Nf6 3. c4 c6 4. Nc3 e6 5. e3 Nbd7 6. Bd3 dxc4 7. Bxc4 Nb6 8.
Bd3 c5 9. O-O cxd4 10. exd4 Be7 11. Bd2 O-O 12. Rc1 e5 13. Be3 exd4 14. Bxd4
Bg4 15. Nb5 Rc8 16. Rxc8 Nxc8 17. Re1 a6 18. Nc3 Bxf3 19. gxf3 Bd6 20. Kh1 Bf4
21. Ne2 Bc7 22. Qc2 Qd6 23. f4 Ba5 24. Rg1 g6 25. f5 Ne7 26. Qc5 Qd5+ 27. Qxd5
Nexd5 28. Bc4 Rc8 29. Bb3 Re8 30. Nc3 Rd8 31. fxg6 Bxc3 32. bxc3 Ne4 33. Rg4
Nd2 34. gxh7+ Kxh7 35. Bc2+ Kh6 36. Bg7+ Kh5 37. Rd4 Nc4 38. Rxc4 Rg8 39. Bd4
Nf4 40. Be4 Ne6 41. Bxb7 Nxd4 42. Rxd4 Rb8 43. Rd7 f5 44. c4 Re8 45. c5 f4 46.
c6 f3 47. h3 Kh4 48. c7 Re1+ 49. Kh2 Rc1 50. Bxa6 Kg5 51. c8=Q Rxc8 52. Bxc8
Kf6 53. a4 Ke6 54. a5 Ke5 55. a6 Kf6 56. h4 Ke6 57. a7 Ke5 58. a8=Q Kf5 59. Qa7
Ke6 60. Qd4 Kf5 61. Rg7# {Hossa checkmated} 1-0

[Event "ICS rated bullet match"]
[Site "204.178.125.65"]
[Date "2000.11.22"]
[Round "?"]
[White "Labourdonnais"]
[Black "Hossa"]
[Result "0-1"]
[WhiteElo "2129"]
[BlackElo "2558"]
[PlyCount "54"]
[EventDate "2000.??.??"]

1. d4 Nf6 2. Bf4 e6 3. e3 b6 4. Nf3 Bb7 5. Bd3 Be7 6. Nbd2 Nh5 7. h3 Nxf4 8.
exf4 c5 9. c3 cxd4 10. cxd4 Nc6 11. O-O Nb4 12. Bb1 Ba6 13. Re1 O-O 14. Re3 Nd5
15. Re4 f5 16. Re1 Nxf4 17. Nb3 Rc8 18. Qd2 Qc7 19. a3 Bc4 20. Ne5 Nxh3+ 21.
gxh3 Bxb3 22. Bd3 Qb7 23. Qf4 d6 24. Nf3 Qd5 25. Kh2 e5 26. dxe5 Qxd3 27. exd6
Bxd6 {Labourdonnais resigns} 0-1

[Event "ICS rated blitz match"]
[Site "204.178.125.65"]
[Date "2000.11.22"]
[Round "?"]
[White "Hossa"]
[Black "CosmicJoke"]
[Result "0-1"]
[WhiteElo "2553"]
[BlackElo "2804"]
[PlyCount "130"]
[EventDate "2000.??.??"]

1. e4 e5 2. Nf3 Nc6 3. Bb5 a6 4. Ba4 Nf6 5. O-O Be7 6. Re1 b5 7. Bb3 d6 8. c3
O-O 9. h3 Na5 10. Bc2 c5 11. d4 Qc7 12. Nbd2 Nc6 13. a3 Bd7 14. d5 Na5 15. Nf1
Rab8 16. b3 Kh8 17. Be3 Rfc8 18. Qe2 g6 19. Bg5 Qd8 20. Bh6 Bf8 21. Qe3 Qe7 22.
Bxf8 Qxf8 23. Qd2 Nh5 24. Reb1 Nf4 25. Ng3 Qg7 26. Ne2 Nxe2+ 27. Qxe2 f5 28.
Ng5 Qf6 29. Qd2 f4 30. Nf3 Rf8 31. Rb2 Qg7 32. c4 Nb7 33. Bd3 Ra8 34. Qe2 b4
35. axb4 cxb4 36. Rba2 Nc5 37. Bc2 Rae8 38. Qd2 Rb8 39. Qd1 h6 40. Ra5 Rf7 41.
Qe2 g5 42. Qe1 g4 43. hxg4 Bxg4 44. Kf1 Bxf3 45. gxf3 h5 46. Ke2 Qh6 47. Qh1 h4
48. Qh2 h3 49. Rh1 Rh7 50. Raa1 Qh5 51. Rac1 a5 52. Rb1 a4 53. bxa4 b3 54. a5
Rb4 55. Bd1 Nxe4 56. Kd3 Nc5+ 57. Kc3 Qf5 58. Kxb4 Qxb1 59. a6 Qa2 60. Kc3 Qa5+
61. Kb2 Qd2+ 62. Ka3 Nd3 63. Bxb3 Qa5+ 64. Ba4 Qb4+ 65. Ka2 Qb2# {
Hossa checkmated} 0-1

[Event "ICS rated blitz match"]
[Site "204.178.125.65"]
[Date "2000.11.22"]
[Round "?"]
[White "PostModernist"]
[Black "Hossa"]
[Result "1/2-1/2"]
[WhiteElo "2618"]
[BlackElo "2547"]
[PlyCount "109"]
[EventDate "2000.??.??"]

1. e4 e5 2. Bc4 Nf6 3. d3 Nc6 4. Nf3 Be7 5. O-O O-O 6. Re1 d6 7. a4 Be6 8. a5
Bxc4 9. dxc4 b6 10. axb6 axb6 11. Rxa8 Qxa8 12. Nc3 Qa1 13. Nd5 Rc8 14. b3 Nxd5
15. exd5 Nb4 16. Qd2 Na6 17. Qd3 Nc5 18. Qf5 Qa8 19. b4 g6 20. Qh3 Na6 21. Bg5
Bf8 22. Bd2 Bg7 23. Ng5 h6 24. Ne4 f5 25. b5 Nc5 26. Nxc5 bxc5 27. Bxh6 Qa2 28.
Qh4 Rf8 29. b6 Qa5 30. Rb1 Qa2 31. Rc1 cxb6 32. Bxg7 Kxg7 33. Qe7+ Rf7 34. Qxd6
Qb2 35. Rf1 e4 36. Qe6 Qxc2 37. d6 Qd2 38. h4 Ra7 39. Qe5+ Kh6 40. Qh8+ Rh7 41.
Qd8 Rb7 42. Qc8 Rf7 43. Qe8 Kg7 44. Qd8 e3 45. fxe3 Qxe3+ 46. Kh1 Qe4 47. Ra1
Qxc4 48. Ra8 Qc1+ 49. Kh2 Qf4+ 50. Kh1 Kh6 51. d7 Qf1+ 52. Kh2 Qf4+ 53. Kh1
Qf1+ 54. Kh2 Qf4+ 55. Kh1 {Game drawn by repetition} 1/2-1/2

[Event "ICS rated blitz match"]
[Site "204.178.125.65"]
[Date "2000.11.22"]
[Round "?"]
[White "Hossa"]
[Black "PostModernist"]
[Result "1/2-1/2"]
[WhiteElo "2550"]
[BlackElo "2615"]
[PlyCount "203"]
[EventDate "2000.??.??"]

1. e4 c5 2. Nf3 g6 3. d4 Bg7 4. Nc3 cxd4 5. Nxd4 Nc6 6. Be3 Nf6 7. Nxc6 bxc6 8.
e5 Ng8 9. f4 Nh6 10. Bc5 f6 11. exf6 Bxf6 12. Be2 d6 13. Bd4 O-O 14. O-O Bf5
15. Rc1 Bxd4+ 16. Qxd4 Qb6 17. Qxb6 axb6 18. h3 d5 19. g4 Bd7 20. Rce1 Nf7 21.
a3 e5 22. fxe5 Nxe5 23. Kg2 g5 24. Kg3 Kg7 25. Rxf8 Rxf8 26. Ba6 Kf6 27. Rf1+
Ke7 28. Rxf8 Kxf8 29. Na4 b5 30. Nc5 Ke7 31. a4 bxa4 32. Nxa4 Kd6 33. b4 d4 34.
Nc5 h6 35. Bd3 Nxd3 36. cxd3 Be8 37. Kf3 Bg6 38. Ke2 Bf7 39. Ne4+ Ke5 40. Kf2
Bd5 41. Nc5 Kf4 42. Nb7 Bf7 43. Nc5 Bg6 44. Ne6+ Ke5 45. Nc5 Bh7 46. Kg3 Bg8
47. Nd7+ Kd6 48. Nc5 Bf7 49. h4 gxh4+ 50. Kxh4 Ke5 51. g5 hxg5+ 52. Kxg5 Ba2
53. Kg4 Bg8 54. Kf3 Bf7 55. Kf2 Ba2 56. Kg2 Bd5+ 57. Kg3 Kf5 58. Kf2 Bg8 59.
Ke1 Kf4 60. Kf2 Bh7 61. Ne6+ Ke5 62. Nc5 Kd5 63. Kf3 Bf5 64. Kf4 Bg6 65. Kg4
Ke5 66. Nd7+ Kd6 67. Nc5 Bh7 68. Kg5 Ke5 69. Kh6 Bf5 70. Kg7 Bh3 71. Kf7 Kd5
72. Kf6 Bg4 73. Kg5 Bf3 74. Kf4 Bd1 75. Nd7 Kd6 76. Nf6 Ke6 77. Ne8 Kd5 78. Kf5
Bf3 79. Nf6+ Kd6 80. Kf4 Bh1 81. Ne4+ Kd5 82. Nc5 Kd6 83. Kf5 Bg2 84. Nb3 Kd5
85. Kf4 Bh3 86. Kf3 Bf1 87. Nc5 Ke5 88. Kf2 Bh3 89. Ke2 Bg4+ 90. Kf1 Kf4 91.
Kf2 Bh5 92. Nb3 Ke5 93. Nc5 Bf7 94. Kf3 Bg8 95. Nd7+ Ke6 96. Nc5+ Kf5 97. Ke2
Bf7 98. Kd2 Ke5 99. Kc2 Kd6 100. Ne4+ Ke5 101. Nc5 Kd6 102. Ne4+ {
Game drawn by the 50 move rule} 1/2-1/2

[Event "ICS rated blitz match"]
[Site "204.178.125.65"]
[Date "2000.11.22"]
[Round "?"]
[White "Zippy"]
[Black "Hossa"]
[Result "1-0"]
[WhiteElo "2486"]
[BlackElo "2553"]
[PlyCount "63"]
[EventDate "2000.??.??"]

1. d4 Nf6 2. c4 c5 3. Nf3 g6 4. dxc5 Na6 5. Nc3 Bg7 6. e4 Nxc5 7. e5 Ng4 8. Qd5
Qa5 9. Bd2 Qb6 10. Be2 d6 11. exd6 Be6 12. Qg5 Bf6 13. Qf4 Nxf2 14. O-O Nfe4
15. Nxe4 Nxe4+ 16. Be3 Qxb2 17. Qxe4 Bf5 18. Qd5 Qxe2 19. Rae1 Qxa2 20. dxe7
Qa6 21. Nd4 Be6 22. Nxe6 fxe6 23. Qf3 Bxe7 24. Qf7+ Kd8 25. Rd1+ Bd6 26. Qf6+
Kc7 27. Qg7+ Kd8 28. Qxh8+ Kc7 29. Qg7+ Kc8 30. Rf8+ Bxf8 31. Qd7+ Kb8 32. Qd8#
{Hossa checkmated} 1-0

[Event "ICS rated blitz match"]
[Site "204.178.125.65"]
[Date "2000.11.22"]
[Round "?"]
[White "Hossa"]
[Black "ChesterX"]
[Result "0-1"]
[WhiteElo "2534"]
[BlackElo "2471"]
[PlyCount "108"]
[EventDate "2000.??.??"]

1. d4 d5 2. Nf3 Bf5 3. c3 Nf6 4. Bf4 c6 5. Nh4 Bg4 6. h3 Bd7 7. e3 e6 8. Nf3
Nh5 9. Bh2 c5 10. Ne5 Nf6 11. Be2 Be7 12. Nxd7 Nbxd7 13. Nd2 Qb6 14. Qb3 Qxb3
15. axb3 cxd4 16. exd4 O-O 17. O-O Rfc8 18. Rfe1 Rc6 19. Bb5 Rb6 20. c4 Bb4 21.
Re2 Bxd2 22. Rxd2 Rc8 23. Bxd7 Nxd7 24. c5 Rxb3 25. Rxa7 Nf6 26. Re2 Rb4 27. g4
Rxd4 28. Rxb7 Rd1+ 29. Kg2 d4 30. b4 d3 31. Re3 h6 32. Bd6 Nd5 33. Rf3 f6 34.
Kh2 e5 35. Bb8 Nf4 36. Rxf4 exf4 37. Bxf4 Rd8 38. Bc7 Rd4 39. Ba5 Ra1 40. c6 d2
41. c7 Rc1 42. Rb8+ Kh7 43. c8=Q Rxc8 44. Rxc8 d1=Q 45. Rc3 Qe1 46. Rf3 Rd1 47.
Kg3 g5 48. Rxf6 Qh1 49. Rf7+ Kg6 50. Rf6+ Kxf6 51. Bd8+ Rxd8 52. f4 Rd2 53.
fxg5+ hxg5 54. b5 Qg2# {Hossa checkmated} 0-1

[Event "ICS rated blitz match"]
[Site "204.178.125.65"]
[Date "2000.11.22"]
[Round "?"]
[White "ChesterX"]
[Black "Hossa"]
[Result "0-1"]
[WhiteElo "2490"]
[BlackElo "2515"]
[PlyCount "58"]
[EventDate "2000.??.??"]

1. d4 d5 2. c4 dxc4 3. e4 b5 4. Nc3 c6 5. a4 b4 6. Na2 e5 7. dxe5 Qxd1+ 8. Kxd1
b3 9. Nc3 Ba6 10. Nf3 Nd7 11. Be2 Bb4 12. Bd2 Rd8 13. Kc1 Ne7 14. a5 Nc5 15.
Nd1 Bxd2+ 16. Nxd2 Ng6 17. Bxc4 Rxd2 18. Bxf7+ Kxf7 19. Kxd2 Rd8+ 20. Kc3 Nxe4+
21. Kxb3 Nxe5 22. f4 Rb8+ 23. Ka2 Nd3 24. h4 Nd2 25. Rb1 Bc4+ 26. Ka1 Nb3+ 27.
Ka2 Nb4+ 28. Ka3 Nc2+ 29. Ka4 Nc5# {ChesterX checkmated} 0-1

[Event "ICS rated standard match"]
[Site "204.178.125.65"]
[Date "2000.11.22"]
[Round "?"]
[White "Tinker"]
[Black "Hossa"]
[Result "1-0"]
[WhiteElo "2407"]
[BlackElo "2227"]
[PlyCount "151"]
[EventDate "2000.??.??"]

1. e4 e5 2. Nf3 Nc6 3. Bb5 a6 4. Ba4 Nf6 5. O-O Be7 6. Re1 b5 7. Bb3 d6 8. c3
O-O 9. h3 Na5 10. Bc2 c5 11. d4 Qc7 12. Nbd2 Nc6 13. dxc5 dxc5 14. Nf1 Be6 15.
Ne3 Rad8 16. Qe2 c4 17. Nf5 Bxf5 18. exf5 Rfe8 19. Nd2 Bc5 20. Ne4 Be7 21.
Nxf6+ Bxf6 22. Be4 Ne7 23. a4 Qb8 24. axb5 axb5 25. Qf3 Qd6 26. Be3 Rd7 27. Ra5
b4 28. Bc5 Qd2 29. Raa1 Qxb2 30. cxb4 Red8 31. Rac1 Rd3 32. Bxd3 cxd3 33. Rcd1
Qc2 34. Qe4 Nc8 35. f4 Bh4 36. Rf1 exf4 37. Qxf4 Bf6 38. Rd2 Qc3 39. Rfd1 Bd4+
40. Kh1 Bxc5 41. Qc7 Re8 42. bxc5 Kf8 43. Rxd3 Qe5 44. Qxe5 Rxe5 45. Rd8+ Ke7
46. Rxc8 Rxf5 47. c6 Rc5 48. Rd7+ Kf6 49. Rb7 g5 50. c7 g4 51. hxg4 h5 52. Rf8
hxg4 53. c8=Q Rxc8 54. Rbxf7+ Ke5 55. Rxc8 Kd6 56. Rf5 Ke6 57. Rc6+ Kxf5 58. g3
Kg5 59. Rc4 Kf5 60. Kg2 Kf6 61. Rxg4 Ke7 62. Rf4 Ke8 63. g4 Kd7 64. g5 Ke6 65.
g6 Ke5 66. Kg3 Ke6 67. g7 Kd5 68. Kf2 Ke5 69. Rh4 Ke6 70. Rg4 Kd5 71. g8=R Ke5
72. Ke3 Kd6 73. R4g6+ Ke7 74. R8g7+ Kf8 75. Rh7 Ke8 76. Rg8# {Hossa checkmated}
1-0

[Event "ICS rated standard match"]
[Site "204.178.125.65"]
[Date "2000.11.22"]
[Round "?"]
[White "Hossa"]
[Black "Tinker"]
[Result "1-0"]
[WhiteElo "2219"]
[BlackElo "2415"]
[PlyCount "157"]
[EventDate "2000.??.??"]

1. e4 c5 2. Nf3 d6 3. d4 cxd4 4. Nxd4 Nf6 5. Nc3 g6 6. Be3 Bg7 7. f3 O-O 8. Bc4
Nc6 9. Bb3 Bd7 10. Nde2 Na5 11. Qd3 Nxb3 12. axb3 a6 13. O-O Qc7 14. Qd2 b5 15.
b4 Qc4 16. Ra2 Qxb4 17. b3 Rfc8 18. Qd3 Be8 19. Nd5 Nxd5 20. Qxd5 Rc6 21. h3
Bd7 22. Qg5 Bf6 23. Qd5 Rac8 24. Rc1 Bg7 25. Qg5 Re8 26. Rd1 Rxc2 27. Rxc2 Qxb3
28. Rdc1 h6 29. Qf4 e5 30. Qh4 Qxe3+ 31. Qf2 Qxf2+ 32. Kxf2 a5 33. Rc7 Be6 34.
Rb7 b4 35. Ra1 Rc8 36. Rxa5 b3 37. Ra1 Rc2 38. Rc1 Ra2 39. Rc6 Bf8 40. h4 f5
41. Rc1 fxe4 42. fxe4 h5 43. Rb8 Bg4 44. Re1 Be6 45. Rc1 Kg7 46. Rc7+ Kg8 47.
Ke3 Rb2 48. Rc1 Ra2 49. Rf1 Bf7 50. Rf2 Rc2 51. Rf1 d5 52. exd5 Kg7 53. Ng3
Bc5+ 54. Ke4 Bd6 55. Rb7 Rc4+ 56. Kd3 Rc7 57. Rxc7 Bxc7 58. Ke4 Bd8 59. Kxe5
Bxh4 60. Ne4 Be8 61. Rb1 Ba4 62. Nc5 Bf6+ 63. Ke6 Be8 64. Rxb3 Bf7+ 65. Kd6 g5
66. Re3 Bd4 67. Ne6+ Bxe6 68. Rxe6 Kf7 69. Re1 Bc3 70. Rf1+ Ke8 71. Ke6 Be5 72.
Kxe5 Ke7 73. d6+ Kd7 74. Rh1 h4 75. Rc1 h3 76. Rc7+ Kd8 77. gxh3 g4 78. Ke6
gxh3 79. Rc6 {Tinker resigns} 1-0

[Event "ICS rated blitz match"]
[Site "204.178.125.65"]
[Date "2000.11.22"]
[Round "?"]
[White "Hossa"]
[Black "cfd"]
[Result "1/2-1/2"]
[WhiteElo "2530"]
[BlackElo "2099"]
[PlyCount "183"]
[EventDate "2000.??.??"]

1. d4 g6 2. e4 Bg7 3. Nf3 d6 4. Bd3 Nf6 5. O-O O-O 6. Na3 Bg4 7. h3 Bxf3 8.
Qxf3 Nc6 9. c3 e5 10. d5 Ne7 11. Bg5 Nd7 12. Bc2 h6 13. Bh4 g5 14. Bg3 Ng6 15.
Nc4 Nb6 16. Ne3 Nc8 17. Nf5 Nce7 18. Nxg7 Kxg7 19. Qg4 Qc8 20. Qh5 Ng8 21. Qe2
Nf4 22. Qf3 Ne7 23. h4 f6 24. c4 Neg6 25. h5 Ne7 26. Rfe1 Kh8 27. Re3 Qe8 28.
Bxf4 gxf4 29. Rb3 b6 30. Qh3 Qc8 31. Qxc8 Raxc8 32. Ra3 a5 33. g4 fxg3 34. Rxg3
Rg8 35. Rd1 Rg5 36. Rxg5 fxg5 37. Kf1 Rf8 38. Ke2 Rf4 39. Rh1 Ng8 40. Ke3 Nf6
41. Rf1 Kg7 42. a3 Rh4 43. Rg1 Rxh5 44. b4 axb4 45. axb4 Rh3+ 46. Rg3 Rxg3+ 47.
fxg3 Kg6 48. Kf3 h5 49. Bd3 h4 50. gxh4 gxh4 51. b5 Kg5 52. Bf1 Nh5 53. Bh3 Nf4
54. Bf5 Nd3 55. Bh3 Nb4 56. Ke3 Nc2+ 57. Kd3 Nd4 58. Ke3 Nb3 59. Be6 Nc5 60.
Kf3 Nb3 61. Ke3 Nd4 62. Bh3 Nb3 63. Be6 Na5 64. Kf3 Nxc4 65. Bd7 Na3 66. Bc6 h3
67. Kg3 h2 68. Kxh2 Kf4 69. Kg1 Kxe4 70. Kf2 Kd4 71. Ke2 Nc4 72. Kf2 Ne3 73.
Kf3 Nxd5 74. Bd7 Kc5 75. Be6 Nc3 76. Bf7 Nxb5 77. Ke4 Nd4 78. Bh5 b5 79. Bf7 b4
80. Kd3 d5 81. Kd2 b3 82. Kc3 e4 83. Bg6 e3 84. Bd3 c6 85. Bf1 Kd6 86. Bd3 c5
87. Bg6 c4 88. Kxd4 e2 89. Kc3 e1=Q+ 90. Kb2 Qd2+ 91. Ka3 c3 92. Kxb3 {
cfd ran out of time and Hossa has no material to mate} 1/2-1/2

[Event "ICS rated blitz match"]
[Site "204.178.125.65"]
[Date "2000.11.22"]
[Round "?"]
[White "Hossa"]
[Black "cfd"]
[Result "0-1"]
[WhiteElo "2519"]
[BlackElo "2110"]
[PlyCount "138"]
[EventDate "2000.??.??"]

1. c4 g6 2. Nf3 Bg7 3. d4 d6 4. Nc3 Nf6 5. e4 O-O 6. Bf4 Bg4 7. h3 Bxf3 8. Qxf3
Nfd7 9. O-O-O Nc6 10. d5 Nd4 11. Qe3 c5 12. h4 Nf6 13. f3 e5 14. Bg5 Qa5 15. h5
Rfe8 16. Bxf6 Bxf6 17. hxg6 fxg6 18. Qh6 Re7 19. Kb1 a6 20. f4 exf4 21. Qxf4
Be5 22. Qh4 Rf7 23. Bd3 b5 24. Rdf1 Raf8 25. Rxf7 Rxf7 26. Rf1 Rxf1+ 27. Bxf1
b4 28. Nd1 Qc7 29. Ne3 Qf7 30. Bd3 Qf4 31. Ng4 h5 32. Qd8+ Kg7 33. Qd7+ Kg8 34.
Nxe5 Qxe5 35. Qc8+ Kg7 36. Qc7+ Kh6 37. Qf7 Qg3 38. Qf1 h4 39. Be2 Qe3 40. Bf3
g5 41. Bd1 Qf4 42. Qxf4 gxf4 43. Bg4 Kg5 44. Bc8 a5 45. Kc1 Kf6 46. Kd2 Ke5 47.
Kd3 f3 48. gxf3 Nxf3 49. Ke3 Ng5 50. Bf5 h3 51. Kf2 Nxe4+ 52. Bxe4 Kxe4 53. Kg3
Kd4 54. Kxh3 Kxc4 55. Kg4 Kxd5 56. Kf3 Kd4 57. Ke2 c4 58. Kd1 Kd3 59. Kc1 c3
60. b3 d5 61. Kb1 Kd2 62. a4 c2+ 63. Kb2 c1=Q+ 64. Ka2 Qc2+ 65. Ka1 Qg6 66. Kb2
Qf6+ 67. Ka2 Kc3 68. Kb1 Qf2 69. Ka1 Qb2# {Hossa checkmated} 0-1

[Event "ICS rated blitz match"]
[Site "204.178.125.65"]
[Date "2000.11.22"]
[Round "?"]
[White "chinas"]
[Black "Hossa"]
[Result "0-1"]
[WhiteElo "2044"]
[BlackElo "2490"]
[PlyCount "88"]
[EventDate "2000.??.??"]

1. d4 d5 2. Nf3 Bf5 3. Bf4 e6 4. Nc3 Bd6 5. Bg3 Bxg3 6. hxg3 Nd7 7. e3 Ne7 8.
Be2 b6 9. Qb1 a6 10. b4 c5 11. a4 cxb4 12. Qxb4 Bxc2 13. O-O O-O 14. Rfc1 Bf5
15. Nh4 Nf6 16. Nxf5 Nxf5 17. Bd3 Ng4 18. Bxf5 exf5 19. Ne2 a5 20. Qb5 Qg5 21.
Qxd5 Rfe8 22. Rc7 Qh5 23. Kf1 Rab8 24. Nf4 Qg5 25. Qxf7+ Kh8 26. Ne6 Qf6 27.
Qxg7+ Qxg7 28. Nxg7 Rf8 29. Rac1 b5 30. axb5 Rxb5 31. Ne6 Re8 32. Nf4 a4 33.
Ra7 Rb2 34. Rcc7 Rb1+ 35. Ke2 Rb2+ 36. Kd3 Nxf2+ 37. Kc3 Nd1+ 38. Kc4 Rc2+ 39.
Kd5 Nxe3+ 40. Kd6 Rxc7 41. Kxc7 Re7+ 42. Kb6 Rxa7 43. Kxa7 a3 44. Nd3 a2 {
chinas resigns} 0-1

[Event "ICS rated bullet match"]
[Site "204.178.125.65"]
[Date "2000.11.22"]
[Round "?"]
[White "Hossa"]
[Black "s-hamid"]
[Result "1-0"]
[WhiteElo "2560"]
[BlackElo "2074"]
[PlyCount "73"]
[EventDate "2000.??.??"]

1. e4 e5 2. Nf3 Nc6 3. Bb5 a6 4. Ba4 Nf6 5. O-O Be7 6. Re1 b5 7. Bb3 d6 8. c3
Bg4 9. h3 Bxf3 10. Qxf3 Na5 11. Bc2 c5 12. d3 Qc7 13. Qg3 O-O 14. Bh6 Ne8 15.
Nd2 Kh8 16. Be3 Bf6 17. Rac1 g6 18. b4 Nb7 19. bxc5 dxc5 20. Bb3 Bg7 21. Bd5
Rd8 22. Bxb7 Qxb7 23. Bxc5 Qc7 24. Bxf8 Bxf8 25. Nb3 Bg7 26. Qe3 Qd7 27. Red1
Nc7 28. d4 exd4 29. cxd4 Ne6 30. d5 Nc7 31. Qf4 Ne8 32. Nc5 Qa7 33. d6 Qb6 34.
e5 Nxd6 35. Rxd6 Re8 36. Rxb6 Bxe5 37. Qxf7 {s-hamid resigns} 1-0

[Event "ICS rated bullet match"]
[Site "204.178.125.65"]
[Date "2000.11.22"]
[Round "?"]
[White "s-hamid"]
[Black "Hossa"]
[Result "0-1"]
[WhiteElo "2072"]
[BlackElo "2562"]
[PlyCount "59"]
[EventDate "2000.??.??"]

1. e4 e5 2. Nf3 Nc6 3. Bc4 Be7 4. d3 Nf6 5. Nc3 d6 6. O-O Na5 7. h3 Nxc4 8.
dxc4 Be6 9. Bg5 Bxc4 10. Re1 O-O 11. Bxf6 Bxf6 12. Nd5 c6 13. Nxf6+ Qxf6 14. b3
Ba6 15. c4 b5 16. Qd2 bxc4 17. bxc4 Bxc4 18. Rac1 Bb5 19. Red1 Ba4 20. Re1 a5
21. Rc4 Bb5 22. Rc3 Rfd8 23. Rec1 Qg6 24. Qc2 a4 25. Nh4 Qe6 26. Nf5 f6 27. Qd2
d5 28. Ne3 d4 29. Rd1 dxc3 30. Qxd8+ {s-hamid resigns} 0-1

[Event "ICS rated blitz match"]
[Site "204.178.125.65"]
[Date "2000.11.22"]
[Round "?"]
[White "Hossa"]
[Black "Valg"]
[Result "0-1"]
[WhiteElo "2492"]
[BlackElo "2659"]
[PlyCount "86"]
[EventDate "2000.??.??"]

1. e4 e5 2. Nf3 Nc6 3. Bc4 Bc5 4. c3 Nf6 5. d4 exd4 6. cxd4 Bb4+ 7. Nc3 Nxe4 8.
O-O Bxc3 9. bxc3 d5 10. Bd3 O-O 11. Qc2 Re8 12. Re1 Bf5 13. Rb1 b6 14. Bf4 Bg6
15. c4 Nf6 16. Rxe8+ Nxe8 17. Bxg6 hxg6 18. Rc1 Qf6 19. Be5 Nxe5 20. dxe5 Qe6
21. cxd5 Qxd5 22. Rd1 Qe6 23. Qe4 c6 24. a4 Rc8 25. Ng5 Qf5 26. Qh4 Qxe5 27.
Qh8+ Kxh8 28. Nxf7+ Kh7 29. Nxe5 c5 30. Rd7 c4 31. Rxa7 c3 32. Nd3 Rd8 33. Kf1
Rxd3 34. Ra8 Nc7 35. Rc8 Rd7 36. f3 c2 37. Kf2 c1=Q 38. Kg3 Qg5+ 39. Kh3 Rd2
40. Rh8+ Kxh8 41. f4 Qxg2+ 42. Kh4 Rd4 43. h3 Rxf4# {Hossa checkmated} 0-1

[Event "ICS Rated bullet match"]
[Site "204.178.125.65"]
[Date "2000.11.22"]
[Round "?"]
[White "praviano"]
[Black "Hossa"]
[Result "0-1"]
[WhiteElo "2037"]
[BlackElo "2564"]
[PlyCount "60"]
[EventDate "2000.??.??"]

1. e4 c5 2. d4 Nf6 3. Nf3 Nxe4 4. Bd3 d5 5. O-O cxd4 6. Nxd4 e5 7. Nb5 Nc5 8.
Re1 Nc6 9. c4 Nxd3 10. Qxd3 a6 11. N5c3 d4 12. Nd5 Be6 13. Nd2 Bxd5 14. cxd5
Qxd5 15. f4 f6 16. fxe5 fxe5 17. Nf3 Bb4 18. Re2 O-O 19. a3 Bc5 20. b4 Bb6 21.
Bb2 Rae8 22. Rae1 Re6 23. Kh1 Rg6 24. Nh4 Rgf6 25. h3 Rf1+ 26. Rxf1 Rxf1+ 27.
Kh2 e4 28. Qxe4 Bc7+ 29. g3 Rf2+ 30. Kg1 Qxe4 {praviano resigns} 0-1

[Event "ICS rated blitz match"]
[Site "204.178.125.65"]
[Date "2000.11.22"]
[Round "?"]
[White "Hossa"]
[Black "Mus"]
[Result "1-0"]
[WhiteElo "2507"]
[BlackElo "1996"]
[PlyCount "85"]
[EventDate "2000.??.??"]

1. e4 e6 2. Nf3 d5 3. exd5 exd5 4. Bb5+ c6 5. Bd3 Bd6 6. O-O Ne7 7. Be2 Bg4 8.
d4 Nd7 9. Bd3 Qc7 10. h3 Bh5 11. Re1 Bg6 12. Bxg6 hxg6 13. b3 O-O-O 14. Ng5
Rdf8 15. c4 Kd8 16. a3 Bf4 17. Bxf4 Qxf4 18. Qd2 Qxd2 19. Nxd2 Nb6 20. Ndf3 Nd7
21. Kf1 Rhg8 22. Ne5 Nxe5 23. dxe5 Nf5 24. e6 f6 25. e7+ Nxe7 26. Ne6+ Kd7 27.
Nxf8+ Rxf8 28. Ra2 d4 29. Ke2 c5 30. Kd3 Nc6 31. f4 Re8 32. Rxe8 Kxe8 33. Re2+
Kd7 34. g4 b6 35. Re1 Ne7 36. b4 Kd6 37. Rb1 Nc6 38. bxc5+ Kxc5 39. Rb5+ Kd6
40. h4 Ke6 41. c5 bxc5 42. Rxc5 Kd6 43. Kc4 {Mus resigns} 1-0

[Event "ICS rated blitz match"]
[Site "204.178.125.65"]
[Date "2000.11.22"]
[Round "?"]
[White "MrXYZ2"]
[Black "Hossa"]
[Result "0-1"]
[WhiteElo "2675"]
[BlackElo "2509"]
[PlyCount "96"]
[EventDate "2000.??.??"]

1. e4 e5 2. Nf3 Nc6 3. Bc4 Bc5 4. c3 Nf6 5. d4 exd4 6. cxd4 Bb4+ 7. Nc3 Nxe4 8.
O-O Bxc3 9. d5 Ne5 10. bxc3 Nxc4 11. Qd4 O-O 12. Qxe4 Nd6 13. Qd3 Re8 14. Ng5
f5 15. c4 Ne4 16. Nxe4 fxe4 17. Qd4 Qf6 18. Qxf6 gxf6 19. f3 d6 20. fxe4 Rxe4
21. Rxf6 Bg4 22. Bh6 Be2 23. Re1 Rae8 24. h3 R4e5 25. Bf4 R5e7 26. Bh6 Re4 27.
Kh2 a6 28. a4 b6 29. g4 Rxc4 30. Kg3 Rc3+ 31. Kh4 Rc2 32. Kg5 b5 33. axb5 axb5
34. Re6 Rxe6 35. dxe6 b4 36. Kf6 Bb5 37. Ke7 Rc3 38. Kd8 Rxh3 39. g5 Ra3 40. e7
Ra8+ 41. Kxc7 b3 42. Kxd6 Kf7 43. Rb1 Bc4 44. Rb2 Ra6+ 45. Kc5 Be6 46. Kb5 Ra2
47. Rxa2 Bd7+ 48. Kb4 bxa2 {MrXYZ2 resigns} 0-1

[Event "ICS rated blitz match"]
[Site "204.178.125.65"]
[Date "2000.11.23"]
[Round "?"]
[White "Hossa"]
[Black "ZChess"]
[Result "0-1"]
[WhiteElo "2532"]
[BlackElo "2587"]
[PlyCount "64"]
[EventDate "2000.??.??"]

1. d4 Nf6 2. c4 g6 3. Nc3 d5 4. cxd5 Nxd5 5. e4 Nxc3 6. bxc3 Bg7 7. Nf3 c5 8.
Rb1 O-O 9. Be2 b6 10. Be3 Bb7 11. Bd3 Nc6 12. Be2 Nxd4 13. cxd4 Bxe4 14. dxc5
Bc3+ 15. Kf1 Bxb1 16. Qxb1 bxc5 17. Bxc5 Qa5 18. Be3 Rab8 19. Qd3 Rfd8 20. Qc2
Rb2 21. Qe4 Rxe2 22. g3 Qxa2 23. Qxe7 Rd1+ 24. Kg2 Rd3 25. Kh3 Qd5 26. Rb1
Rexe3 27. Rb8+ Kg7 28. Qf8+ Kf6 29. Qh8+ Kf5 30. Nh4+ Kg5 31. f4+ Kh6 32. Qf8+
Bg7 {Hossa resigns} 0-1